Logo BPK

Biblioteka

Politechniki Koszalińskiej

Wie wird das Wetter? : (Rekord nr 50706)

Szczegóły MARC
000 -ETYKIETA REKORDU
podpole kontrolne o stałej długości 00711nam a2200193 i 4500
001 - NUMER KONTROLNY REKORDU
pole kontrolne bgj
040 ## - ŹRÓDŁO KATALOGOWANIA
Instytucja, która utworzyła rekord BPK
041 0# - KOD JĘZYKA
Kod języka tekstu ger
008 - POLE O STAŁEJ DŁUGOŚCI - DANE KONTROLNE
podpole kontrolne o stałej długości s gw f |000 0 ger
100 1# - NAZWA OSOBOWA
Nazwa osobowa SCHÖPFER, Siegfried
Daty związane z nazwą (1908- )
245 10 - TYTUŁ/ODPOWIEDZIALNOŚĆ
Tytuł Wie wird das Wetter? :
Ciąg dalszy tytułu Eine leichtverständliche Einführung in die Wetterkunde : Mit 21 Zeichungen im Text und 79 Abbildungen auf 20 einfarbigen, sowie 9 Abbildungen auf 7 mehrfarbigen Tafeln /
Pozostałe elementy strefy tytułu i oznaczenia odpowiedzialności Siegfried Schöpfer.
260 ## - STREFA ADRESU WYDAWNICZEGO
Miejsce wydania Stuttgart :
Nazwa wydawcy/dystrybutora Franckh'sche Verlagshandlung,
Data publikacji, dystrybucji/powstania dokumentu 1969.
300 ## - STREFA OPISU FIZYCZNEGO
Objętość 180, [5] S. :
Inne cechy fizyczne Ill. ;
Rozmiary 20 cm.
490 1# - STREFA SERII I DOKUMENTU WIELOCZĘŚCIOWEGO - FORMA NIE DO WYSZUKIWANIA
Tytuł i oznaczenie odpowiedzialności serii Kosmos Naturführer
505 ## - SFORMALIZOWANA UWAGA DOTYCZĄCA ZAWARTOŚCI
Pełny tekst uwagi Register.
650 #9 - HASŁO PRZEDMIOTOWE W FORMIE NAZWY OGÓLNEJ LUB JEDNOSTKOWEJ
Nazwa ogólna lub geograficzna Wetter
Określnik ogólny Meteorologie
830 ## - HASŁO DODATKOWE SERII LUB DOKUMENTU WIELOCZĘŚCIOWEGO - TYTUŁ UJEDNOLICONY
Tytuł ujednolicony Kosmos Naturführer
942 ## - DODATKOWE ELEMENTY (KOHA)
Typ dokumentu Książka
Egzemplarze
Wycofany Status egzemplarza Uszkodzony Dostępność Lokalizacja stała Lokalizacja bieżąca Miejsce przechowywania Sygnatura Kod kreskowy Typ dokumentu
      Dostępny Biblioteka Politechniki Koszalińskiej Biblioteka Politechniki Koszalińskiej Wypożyczalnia Językowa N 825 01581287 Książka
© 2023 Biblioteka Politechniki Koszalińskiej :: KOHA